02179nam0a22003011 4500001001500000005001700015035002600032100004100058101000800099102000700107105001800114200008500132205001700217210006000234215002300294300011900317327032800436464018400764464015800948464011201106464038201218512010001600702009101700801001801791801002201809801002701831852001901858v19\rc\163901620260406145032.0 a(NLR Aleph) 004752670 a20061002d1901 |||y0rusy50 ca0 arus aRU aa z |||||1 aПреподобная Мария Египетскаяe[Сборник]fН.Ч. a2-е изд. aМоскваcтип. т-ва И.Д. Сытинаd1901 a126, II с.cил. aЗагл. обл.: Жизнь преподобной матери нашей Марии Египетской1 aСодерж.: Жизнеописание преп. Марии Египетской. Преподобная Мария как образец покаяния. О св. покаянии и евхаристии. Извлечение из Великого канона св. Андрея Критского (в стихах) 012001#$aЖизнеописание преподобной Марии ЕгипетскойtЖизнеописание преподобной Марии Египетской 012001#$aПреподобная Мария как образец покаянияtПреподобная Мария как образец покаяния 012001#$aО св. покаянии и евхаристииtО св. покаянии и евхаристии 012001#$aИзвлечение из Великого канона св. Андрея Критского$eВ стихах1700#0$aАндрей Критский$cархиепископ$f633-712$3RU\NLR\AUTH\774461tИзвлечение из Великого канона св. Андрея КритскогоaАндрей Критский (архиепископ ; 633-712)0 aЖизнь преподобной матери нашей Марии Египетской 045708rus7caaМария Египетскаяf6 в.cсвятая3RU\NLR\AUTH\774462 0aRUbNLRgpsbo 0aRUbRuMoRGB2psbo 1aRUbProSoft-M2rusmarc aNLRj34.1.5.57